Contos e lendas de Portugal (Registo nº 4139)

Detalhes MARC
000 -Etiqueta do registo
Cabeçalho 00599nam a2200229 4500
005 - Identificador da versão
Campo de controlo 20240813122053.0
010 ## - Número internacional normalizado dos livros (ISBN)
Número (ISBN) 9727700896
100 ## - Dados gerais de processamento
Dados gerais de processamento 20030617d2000 a y0pory5003 ba
102 ## - Pais de publicação ou produção
País de publicação Portugal
101 0# - Língua de publicação
Língua do texto, banda sonora, etc. Português
215 ## - Descrição física 
Indicação específica da natureza do documento e extensão da espécie 29p.
Outras indicações físicas il.
Dimensões 21cm
200 1# - Titulo e menção de responsabilidade
Título próprio Contos e lendas de Portugal
Primeira menção de responsabilidade Natércia Rocha
Outras menções de responsabilidade il. de Fernanda Vaz
205 ## - Menção da edição
Menção da edição
210 ## - Publicação, Distribuição, etc. 
Lugar da edição, distribuição, etc. Lisboa
Nome do editor, distribuidor, etc. Plátano
Data da publicação, distribuição, etc. 2000
675 ## - Classificação Decimal Universal (CDU)
Notação 869.0-91
Edição 2
Língua da edição por
702 #1 - Nome de autor-pessoa física (responsabilidade secundária)
Número de registo de entrada de autoridade 0000779
Palavra de ordem Vaz
Outra parte do nome não tomada para palavra de ordem Fernanda
Código de função Ilustrador / Técnico de desenho computorizado
700 #1 - Nome de autor-pessoa física (responsabilidade principal)
Número de registo de entrada de autoridade 0000778
Palavra de ordem Rocha
Outra parte do nome não tomada para palavra de ordem Natércia
966 ## - Identificação da Biblioteca
Sigla EBVendas
942 ## - Elementos de entrada adicionados (Koha)
Tipo de item no Koha Livro
Exemplares
Situação do levantamento Origin of item (home branch) (coded) Biblioteca de empréstimo Código de barras Cota Circulation type (not for loan) Tipo de documento Nota do exemplar Damaged status
  Biblioteca Escolar das Vendas Biblioteca Escolar das Vendas BEV353 8POR ROC   Livro Sem mensagem